[Event "IND-ch U17 Girls 20th"]
[Site "Chakradharpur"]
[Date "2009.10.08"]
[Round "2"]
[White "Munot, Surbhi"]
[Black "Mohana, Priya J"]
[Result "1-0"]
[WhiteElo "1841"]
[BlackElo "2037"]
[PlyCount "49"]
[EventDate "2009.10.07"]
[EventType "swiss"]
[EventRounds "11"]
[EventCountry "IND"]
[SourceTitle "CBM 132 Extra"]
[Source "ChessBase"]
[SourceDate "2009.11.03"]
[SourceVersion "1"]
[SourceVersionDate "2009.11.03"]
[SourceQuality "1"]

1. e4 e5 2. Nf3 Nc6 3. Bb5 f5 4. Nc3 fxe4 5. Nxe4 Nf6 6. Nxf6+ gxf6 7. 0-0 Bg7 8. Nh4 0-0 9. Nf5 d5 10. Nxg7 Kxg7 11. Bxc6 bxc6 12. f4 Kh8 13. d3 Rg8 14. fxe5 Bh3 15. Rf2 Qd7 16. exf6 Raf8 17. Bh6 Rxf6 18. Rxf6 Rxg2+ 19. Kh1 Rg8 20. Rf8 Rxf8 21. Bxf8 Qf5 22. Bc5 Bg4 23. Bd4+ Kg8 24. Qxg4+ Qxg4 25. Rg1 1-0

[Event "IND-ch U17 Girls 20th"]
[Site "Chakradharpur"]
[Date "2009.10.08"]
[Round "3"]
[White "Saranya, J."]
[Black "Munot, Surbhi"]
[Result "1-0"]
[WhiteElo "2132"]
[BlackElo "1841"]
[PlyCount "51"]
[EventDate "2009.10.07"]
[EventType "swiss"]
[EventRounds "11"]
[EventCountry "IND"]
[SourceTitle "CBM 132 Extra"]
[Source "ChessBase"]
[SourceDate "2009.11.03"]
[SourceVersion "1"]
[SourceVersionDate "2009.11.03"]
[SourceQuality "1"]

1. e4 e6 2. Qe2 Nf6 3. g3 d5 4. d3 Be7 5. Bg2 0-0 6. Nf3 Nc6 7. 0-0 h6 8. c3 a5 9. Nbd2 Bc5 10. d4 Bb6 11. Ne1 dxe4 12. Nxe4 Nxe4 13. Qxe4 Re8 14. Nd3 Ne7 15. Ne5 Nd5 16. Qf3 Nf6 17. g4 Qd5 18. Qg3 Qd6 19. g5 hxg5 20. Bxg5 Nh7 21. Be4 f5 22. Bc2 c5 23. Bf4 cxd4 24. Nc4 Qc5 25. Be5 g6 26. Qxg6+ 1-0